000 00628nam a2200229Ia 4500
008 180523s9999 xx 000 0 und d
020 _a0-324-15863-7
050 _aMAIN HF 5415
050 _b.B87 2004
100 _aBuskirk, Bruce.
245 0 _aEntrepreneurial marketing :
245 0 _breal stories and survival strategies /
245 0 _cBruce Buskirk, Molly Lavik.
260 _aSingapore :
260 _bThomson Learning,
260 _c2004
300 _a245 pages :
300 _c25 cm.
500 _aIncludes bibliographical references and index.
650 _aMarketing.
650 _xEntrepreneurship.
999 _c357035
_d357035